000 00365nam a22001577a 4500
005 20260413182323.0
008 260413b |||||||| |||| 00| 0 eng d
040 _cPK-LaNCA
082 _a320.532
_bMAR
100 _aMarx, Karl
245 _aThe communist manifesto
260 _aFolio Books
_bLahore
_c2018
300 _a61p
650 _aCommunism
942 _cBK
999 _c67223
_d67223